000 00246nam a22001217a 4500
082 _a004
_bSIS/V
100 _aSISO BOOKS
245 _aVIRTUAL LAB
260 _aTRIVANDRUM
_bSISO BOOKS
300 _bPC-CD ROM
650 _aIT
_zKERALA
942 _cVM
999 _c7982
_d7982